[Event "POL-chT3"]
[Site "Jastrzebia Gora POL"]
[Date "2015.??.??"]
[Round "8.19"]
[White "Wandzik, Wojciech"]
[Black "Janaszak, Dawid"]
[Result "0-1"]
[WhiteElo "2360"]
[BlackElo "2373"]
[EventDate "2015.??.??"]
[WhiteTitle "m"]
[BlackTitle "FM"]

1.e4 c5 2.Nf3 g6 3.d4 cxd4 4.Nxd4 Nc6 5.Nc3 Bg7 6.Nb3 Nf6 7.Be2 O-O 8.O-O 
d6 9.Re1 b6 10.Bf1 Bb7 11.Nd5 Nd7 12.c3 e6 13.Ne3 Nf6 14.Nc4 Nxe4 15.Rxe4 
d5 16.Re1 dxc4 17.Qxd8 Rfxd8 18.Bxc4 Ne5 19.Bf1 Nd3 20.Bxd3 Rxd3 21.Be3 e5
22.a4 f5 23.g3 Rd5 24.a5 Rb5 25.Nd2 bxa5 26.Nc4 Bd5 27.Nd6 Rxb2 28.Rxa5 
Bc6 29.Rxa7 Rxa7 30.Bxa7 Rc2 31.c4 Rd2 32.Nc8 Kf7 33.Be3 Rd8 34.Na7 Bf3 
35.c5 Bf8 36.c6 Bd6 37.Bb6 Ra8 38.Nb5 Bb4 39.Rb1 Be4 40.Rc1 Bd2 41.Rd1 Bf3
42.Rb1 Bxc6 43.Nd6+ Ke6 44.Nc4 Bc3 45.Be3 Ra4 46.Nb6 Ra2 47.Rc1 Ra1 48.
Rxa1 Bxa1 49.f4 e4 50.Nc4 Bb5 51.Ne5 g5 52.Kf2 Bc3 53.h3 h5 54.h4 gxh4 55.
gxh4 Kd5 56.Nf7 Bf6 57.Kg3 Bd7 58.Ne5 Be8 59.Bb6 Be7 60.Bc7 Kd4 61.Bb6+ 
Bc5 62.Ba5 Ke3 63.Nc4+ Ke2 64.Kg2 e3 65.Ne5 Kd1 66.Nd3 Bd4 67.Kg3 Bb5 68.
Ne1 Bc6 69.Bb4 Be4 70.Ba5 Bb2 0-1

[Event "POL-chT3"]
[Site "Jastrzebia Gora POL"]
[Date "2015.??.??"]
[Round "8.20"]
[White "Maciejczak, Jakub"]
[Black "Mroziak, Maciej"]
[Result "1-0"]
[WhiteElo "2355"]
[BlackElo "2338"]
[EventDate "2015.??.??"]
[WhiteTitle "FM"]
[BlackTitle "m"]

1.e4 c5 2.Nc3 e6 3.g3 Nc6 4.Bg2 g6 5.d3 Bg7 6.Be3 d6 7.Qd2 Rb8 8.Nf3 e5 9.
O-O Nge7 10.Bh6 O-O 11.Nh4 Nd4 12.Bxg7 Kxg7 13.Ne2 b5 14.Nxd4 cxd4 15.f4 
f6 16.Rf2 Nc6 17.a3 Bd7 18.h3 Qe7 19.Nf3 Rbc8 20.Raf1 Qd8 21.Kh2 Rb8 22.h4
h6 23.Bh3 Bxh3 24.Kxh3 Qd7+ 25.Kg2 f5 26.fxe5 dxe5 27.Nh2 fxe4 28.dxe4 
Rxf2+ 29.Qxf2 Qe6 30.Qe2 Ne7 31.h5 Ng8 32.hxg6 Nf6 33.Rf5 Rc8 34.Kh3 a6 
35.Nf3 Qc4 36.Qe1 Qxc2 37.Rxe5 Qc7 38.g4 Rf8 39.Rf5 d3 40.e5 Nd5 41.Qe4 
Qc4 42.Nd4 Re8 43.Rf7+ Kg8 44.Nf5 1-0

[Event "POL-chT3"]
[Site "Jastrzebia Gora POL"]
[Date "2015.??.??"]
[Round "8.21"]
[White "Lizak, Jakub"]
[Black "Dudzinski, Pawel"]
[Result "1-0"]
[WhiteElo "2113"]
[BlackElo "2261"]
[EventDate "2015.??.??"]
[WhiteTitle "k"]
[BlackTitle "FM"]

1.e4 c6 2.d4 d5 3.Nd2 g6 4.Ngf3 Bg7 5.c3 Nh6 6.Bd3 O-O 7.O-O f6 8.Re1 Nf7 
9.h4 e5 10.h5 gxh5 11.Qc2 f5 12.dxe5 fxe4 13.Nxe4 dxe4 14.Bxe4 h6 15.e6 
Bxe6 16.Bh7+ Kh8 17.Rxe6 Nd7 18.Bf4 Nc5 19.Re3 Qf6 20.Ne5 Nxe5 21.Bxe5 Qe7
22.Bd4 Qd6 23.Bxg7+ Kxg7 24.b4 Na6 25.Rae1 Kh8 26.Re7 Qf4 27.Bg6 Rad8 28.
Rh7+ Kg8 29.Bf7+ Qxf7 30.Rxf7 Rxf7 31.Qg6+ Rg7 32.Qe6+ Kh7 33.Qf5+ Kg8 34.
Re6 Nc7 35.Rxh6 Rd1+ 36.Kh2 Nd5 37.Qc8+ 1-0

[Event "POL-chT3"]
[Site "Jastrzebia Gora POL"]
[Date "2015.??.??"]
[Round "8.22"]
[White "Michalski, Filip"]
[Black "Duda, Lukasz"]
[Result "0-1"]
[WhiteElo "2176"]
[BlackElo "2153"]
[EventDate "2015.??.??"]
[WhiteTitle "I"]
[BlackTitle "I++"]

1.d4 d5 2.c4 e6 3.Nc3 Nf6 4.Bg5 c6 5.cxd5 exd5 6.Qc2 Be7 7.e3 Bg4 8.Bd3 
Bh5 9.Nge2 Bg6 10.Nf4 Bxd3 11.Nxd3 Nbd7 12.O-O O-O 13.b4 a6 14.a4 Ne8 15.
Bxe7 Qxe7 16.Nb1 Nd6 17.Nd2 g6 18.Nb3 Nb6 19.Nbc5 Nbc4 20.Nf4 Nb6 21.Rae1 
Rfe8 22.Re2 Rad8 23.Rfe1 Qf6 24.Nfd3 Nbc4 25.Nc1 Re7 26.Na2 Rde8 27.Nc3 
Nf5 28.Qd3 Ncd6 29.b5 axb5 30.axb5 Nxb5 31.Nxb5 cxb5 32.Qxb5 Nh4 33.Kh1 b6
34.Nb3 Nf3 35.Rf1 Qf5 36.Qb4 Qh5 37.h3 Ng5 38.Rfe1 Nxh3 39.Qd6 Nf4+ 0-1

[Event "POL-chT3"]
[Site "Jastrzebia Gora POL"]
[Date "2015.??.??"]
[Round "8.23"]
[White "Szolc, Grzegorz"]
[Black "Ziabek, Patryk"]
[Result "0-1"]
[WhiteElo "2020"]
[BlackElo "2038"]
[EventDate "2015.??.??"]
[WhiteTitle "I"]
[BlackTitle "I+"]

1.e4 e5 2.Nc3 Nc6 3.g3 Bc5 4.Bg2 a6 5.Nge2 d6 6.h3 Be6 7.O-O Qd7 8.Kh2 
O-O-O 9.f4 f6 10.d3 Nge7 11.a3 h5 12.b4 Bb6 13.Na4 Ba7 14.f5 Bf7 15.c4 Nd4
16.Nac3 Nxe2 17.Qxe2 Nc6 18.Be3 Bxe3 19.Qxe3 Nd4 20.Rf2 Rdg8 21.Raf1 Qe7 
22.Ne2 Nxe2 23.Rxe2 Kb8 24.Rb2 g6 25.b5 axb5 26.Rxb5 Be8 27.Rb4 Bc6 28.
Rfb1 g5 29.a4 Kc8 30.Bf1 h4 31.g4 Kd7 32.Be2 Ra8 33.Bd1 Ra5 34.Qd2 Rha8 
35.Bc2 Qe8 36.Qd1 Qb8 37.Qg1 Kc8 38.Ra1 Qa7 39.Qxa7 R8xa7 40.Rb2 b6 41.
Rba2 Kb7 42.Kg2 Bd7 43.Kf2 Kc6 44.Ke3 Kc5 45.Bb3 Kc6 46.Kd2 Bc8 47.Kc3 Kc5
48.Bc2 Bd7 49.Bb3 Be8 50.Bd1 c6 51.Rc1 Bd7 52.Rb2 Rb7 53.Rcb1 b5 54.Rb4 
Rc7 55.cxb5 cxb5 56.Kd2 Bc6 57.Bc2 Rb7 58.Bd1 d5 59.axb5 Rbxb5 60.Rxb5+ 
Rxb5 61.Rxb5+ Kxb5 62.Ke3 Kc5 63.Bf3 dxe4 64.dxe4 Bb5 65.Bg2 Ba6 66.Bf3 
Bf1 67.Kf2 Bxh3 68.Be2 Kd4 69.Kf3 Kc3 70.Kf2 Kd2 71.Bf3 Kd3 0-1

[Event "POL-chT3"]
[Site "Jastrzebia Gora POL"]
[Date "2015.??.??"]
[Round "8.24"]
[White "Magnucka, Milena"]
[Black "Szydlowska-Duda, Marta"]
[Result "1/2-1/2"]
[WhiteElo "1950"]
[BlackElo "1990"]
[EventDate "2015.??.??"]
[WhiteTitle "WFM"]
[BlackTitle "k"]

1.e4 d5 2.exd5 Qxd5 3.Nc3 Qd6 4.d4 Nf6 5.Nf3 a6 6.g3 Nc6 7.Bg2 Bg4 8.Be3 
e6 9.O-O Be7 10.Qd2 O-O 11.Bf4 Qd7 12.Ne5 Nxe5 13.dxe5 Qxd2 14.Bxd2 Nd7 
15.f4 Bc5+ 16.Kh1 Rab8 17.Ne4 Ba7 18.h3 Be2 19.Rfe1 Bb5 20.Be3 Bxe3 21.
Rxe3 Nb6 22.Ree1 Rfd8 23.Rad1 Nd5 24.a3 Kf8 25.Kg1 Ke7 26.Kf2 a5 27.Rd4 
Nb6 28.Red1 Nc4 29.Rxd8 Rxd8 30.Rxd8 Kxd8 31.Bf1 Bc6 32.Bxc4 Bxe4 33.c3 
Kd7 34.Ke3 Bg2 35.h4 Kc6 36.Kd4 b5 37.Be2 Kb6 38.b4 axb4 39.axb4 Bd5 40.g4
Bb3 41.f5 Kc6 42.Bd3 Bd1 43.fxe6 fxe6 44.Bxh7 Bxg4 45.Be4+ Kb6 46.Ke3 c5 
47.Kf4 Bh5 48.Kg5 Bf7 49.Bg6 Bg8 50.Be8 Bh7 51.Bd7 Bf5 52.h5 cxb4 53.cxb4 
Ka6 54.Be8 Kb6 55.Bg6 Bh3 56.Be4 Kc7 57.Bd3 Kc6 58.Be4+ Kd7 59.Kg6 Bg4 60.
Kxg7 Bxh5 61.Kf6 Be2 62.Bg2 Bc4 63.Bh3 Bd5 64.Bg4 Bc4 65.Bh3 Bd5 1/2-1/2

[Event "POL-chT3"]
[Site "Jastrzebia Gora POL"]
[Date "2015.??.??"]
[Round "8.25"]
[White "Sadowski, Miroslaw"]
[Black "Sivuk, Vitaly"]
[Result "0-1"]
[WhiteElo "2106"]
[BlackElo "2479"]
[EventDate "2015.??.??"]
[WhiteTitle "k"]
[BlackTitle "GM"]

1.d4 Nf6 2.Nf3 g6 3.Bf4 Bg7 4.Nc3 c5 5.e3 O-O 6.Be2 b6 7.O-O Bb7 8.dxc5 
bxc5 9.Na4 Qa5 10.c4 Ne4 11.Ng5 Nd2 12.Re1 h6 13.Nf3 Ne4 14.Rc1 d6 15.Qc2 
Nd7 16.Nc3 Nxc3 17.bxc3 f5 18.h3 Be4 19.Bd3 Bc6 20.e4 g5 21.Bd2 f4 22.Rb1 
Rab8 23.Rxb8 Rxb8 24.Rb1 Rxb1+ 25.Qxb1 Bxc3 26.Bxc3 Qxc3 27.Qb3 Qxb3 28.
axb3 Kg7 29.Kf1 Kf6 30.Ke2 Ne5 31.Nd2 Bd7 32.Bc2 h5 33.f3 g4 34.hxg4 hxg4 
35.fxg4 Bxg4+ 36.Kf2 Bh5 37.Nb1 Ng4+ 38.Kg1 Ne3 39.Bd3 Ke5 40.Na3 0-1

[Event "POL-chT3"]
[Site "Jastrzebia Gora POL"]
[Date "2015.??.??"]
[Round "8.26"]
[White "Kowalczyk, Pawel"]
[Black "Pazderski, Ziemowit"]
[Result "1-0"]
[WhiteElo "2352"]
[BlackElo "2249"]
[EventDate "2015.??.??"]
[WhiteTitle "I++"]
[BlackTitle "k+"]

1.e4 d5 2.exd5 Qxd5 3.Nc3 Qd6 4.d4 Nf6 5.Bc4 a6 6.Nge2 b5 7.Bf4 Qb6 8.Bb3 
Bb7 9.a4 b4 10.a5 Qa7 11.Na4 Nbd7 12.O-O e6 13.Re1 Rc8 14.Bg5 Bd6 15.c4 
bxc3 16.bxc3 O-O 17.Rb1 Rfd8 18.Nf4 Re8 19.Nh5 Ne4 20.Bh4 Bf8 21.Qg4 Qa8 
22.Bc2 f5 23.Qh3 c5 24.f3 Nd2 25.Rbd1 Bxf3 26.gxf3 Nxf3+ 27.Kf2 Nxe1 28.
Rxe1 cxd4 29.Nf4 d3 30.Qxd3 Nc5 31.Nxc5 Bxc5+ 32.Kg3 Qb8 33.Rb1 Qc7 34.Kf3
Qc6+ 35.Ke2 Ba7 36.Kd2 Qc7 37.Ne2 Qxh2 38.Bg3 Qg2 39.Qxa6 Rcd8+ 40.Bd3 Bf2
41.Bc7 Ra8 42.Qd6 Qh3 43.Kc2 Bh4 44.a6 Qg4 45.Rb4 Qh5 46.Nf4 Qh6 47.Rb8 
Bg3 48.Rxa8 Rxa8 49.Qc6 Rc8 50.a7 Qh2+ 51.Kb3 1-0

[Event "POL-chT3"]
[Site "Jastrzebia Gora POL"]
[Date "2015.??.??"]
[Round "8.27"]
[White "Maciaga, Marcin"]
[Black "Jagodzinski, Piotr"]
[Result "0-1"]
[WhiteElo "2101"]
[BlackElo "2246"]
[EventDate "2015.??.??"]
[WhiteTitle "k+"]
[BlackTitle "k++"]

1.e4 c6 2.d4 d5 3.exd5 cxd5 4.Bf4 Nf6 5.Bd3 Nc6 6.c3 Bg4 7.Qb3 Qc8 8.Nd2 
e6 9.Ngf3 Be7 10.O-O O-O 11.Ne5 Nxe5 12.Bxe5 Bh5 13.Rfe1 Bg6 14.Bxg6 hxg6 
15.a4 Qc6 16.Qb5 Rfc8 17.Qd3 Nd7 18.Re3 Bg5 19.Rh3 Bxd2 20.Qxd2 Nxe5 21.
dxe5 Qb6 22.Kh1 Rc4 23.a5 Qd8 24.a6 b5 25.f4 Rac8 26.b3 Re4 27.Qf2 Qe7 28.
Qg3 d4 29.Qf3 Re3 30.Qb7 Qc5 31.Rxe3 dxe3 32.Rc1 e2 33.h3 Rc6 34.Qa8+ Kh7 
35.Qd8 Qf2 36.Qd2 Rxa6 37.c4 bxc4 38.bxc4 Ra4 39.c5 Rd4 40.Qc3 Rd1+ 0-1

[Event "POL-chT3"]
[Site "Jastrzebia Gora POL"]
[Date "2015.??.??"]
[Round "8.28"]
[White "Dobrowolski, Aleksander"]
[Black "Szustakowski, Antoni"]
[Result "1-0"]
[WhiteElo "2281"]
[BlackElo "2030"]
[EventDate "2015.??.??"]
[WhiteTitle "m"]
[BlackTitle "I"]

1.e4 e6 2.d4 d5 3.Nc3 Bb4 4.e5 c5 5.a3 Bxc3+ 6.bxc3 Ne7 7.Qg4 O-O 8.Bd3 f5
9.exf6 Rxf6 10.Bg5 Rf7 11.Qh5 g6 12.Qd1 Nbc6 13.Nf3 Qa5 14.Bd2 c4 15.Be2 
Nf5 16.O-O Bd7 17.Ng5 Re7 18.f4 Nd6 19.Bf3 Rae8 20.Qe1 Qa4 21.Qc1 Nb8 22.
Nh3 Bc6 23.Nf2 Nd7 24.Ng4 Kg7 25.Be1 Rf7 26.Ne5 Rff8 27.g4 Nf6 28.Bd2 Nfe4
29.Bxe4 Nxe4 30.f5 Nxd2 31.Qxd2 exf5 32.gxf5 Qa6 33.f6+ Rxf6 34.Rxf6 Kxf6 
35.Ng4+ Ke7 36.Qg5+ Kd6 37.Qf4+ Ke7 38.Re1+ Kd8 39.Qb8+ 1-0

[Event "POL-chT3"]
[Site "Jastrzebia Gora POL"]
[Date "2015.??.??"]
[Round "8.29"]
[White "Krasiewicz, Robert"]
[Black "Dowgird, Filip"]
[Result "0-1"]
[WhiteElo "2027"]
[BlackElo "2208"]
[EventDate "2015.??.??"]
[WhiteTitle "k+"]
[BlackTitle "k"]

1.c4 e5 2.g3 Nf6 3.Bg2 h6 4.Nc3 Bb4 5.Nf3 e4 6.Nd4 Bxc3 7.bxc3 O-O 8.O-O 
Re8 9.d3 Na6 10.Nb3 d6 11.h3 Qe7 12.Be3 Bf5 13.d4 Qe6 14.g4 Bg6 15.d5 Qe7 
16.Na5 b6 17.Nc6 Qd7 18.Bd4 Nh7 19.f4 exf3 20.exf3 Nc5 21.Bxc5 bxc5 22.Qd2
f5 23.Rae1 a6 24.a4 fxg4 25.hxg4 Nf6 26.Kh2 Rxe1 27.Rxe1 Re8 28.Rxe8+ Qxe8
29.Kg3 Nd7 30.g5 hxg5 31.Qxg5 Ne5 32.Nd8 Nf7 33.Nxf7 Kxf7 34.Qd2 a5 35.Bh3
Qe5+ 36.Kg2 Kf6 37.Be6 Qg5+ 38.Qxg5+ Kxg5 39.Bd7 Kf4 40.Kf2 Bh5 0-1

[Event "POL-chT3"]
[Site "Jastrzebia Gora POL"]
[Date "2015.??.??"]
[Round "8.30"]
[White "Korosciel, Aneta"]
[Black "Sliwicka, Alicja"]
[Result "0-1"]
[WhiteElo "2036"]
[BlackElo "2003"]
[EventDate "2015.??.??"]
[WhiteTitle "m"]
[BlackTitle "WFM"]

1.e4 c5 2.b3 e6 3.Nf3 b6 4.Bb2 Bb7 5.d3 Nf6 6.Be2 Nc6 7.O-O Be7 8.Re1 d6 
9.Bf1 O-O 10.d4 cxd4 11.Nxd4 Nxd4 12.Qxd4 d5 13.exd5 Bc5 14.Qh4 Nxd5 15.
Qg3 Nf6 16.Na3 Qe7 17.Nc4 Rfd8 18.Ne3 Be4 19.Ng4 Bg6 20.Nxf6+ gxf6 21.h4 
Rd2 22.Re2 Rd5 23.Qf3 Rc8 24.Bxf6 Qc7 25.Qg4 h5 26.Qh3 Bf5 27.Qh2 Bd6 28.
g3 Bg4 29.Re4 Qxc2 30.Rae1 Rf5 31.Bg5 Qxa2 32.Bc4 Bf3 33.Rxe6 fxe6 34.
Bxe6+ Kg7 35.Bxf5 Qa5 36.b4 Qxf5 37.Ra1 a5 38.bxa5 bxa5 39.Be3 Be5 40.Re1 
a4 41.Bf4 a3 42.Kf1 a2 0-1

[Event "POL-chT3"]
[Site "Jastrzebia Gora POL"]
[Date "2015.??.??"]
[Round "8.31"]
[White "Gumularz, Szymon"]
[Black "Kumala, Aleksander"]
[Result "1/2-1/2"]
[WhiteElo "2239"]
[BlackElo "2102"]
[EventDate "2015.??.??"]
[WhiteTitle "I++"]
[BlackTitle "I++"]

1.Nf3 d5 2.g3 c5 3.Bg2 Nf6 4.O-O Nc6 5.d4 cxd4 6.Nxd4 g6 7.c4 Nxd4 8.Qxd4 
Be6 9.cxd5 Bxd5 10.Rd1 Bxg2 11.Qa4+ Nd7 12.Kxg2 Bg7 13.Nc3 a6 14.Qe4 Bxc3 
15.bxc3 Qc7 16.Bf4 Qc6 17.Qxc6 bxc6 18.Rab1 O-O-O 19.Rb4 e5 20.Be3 Kc7 21.
Ra4 Ra8 22.f4 f6 23.fxe5 fxe5 24.Bg5 Rhe8 25.Rf1 Rf8 26.Rd1 Rf7 27.Bc1 c5 
28.Be3 Kc6 29.Bg1 Kb5 30.Re4 Kc6 31.Ra4 Kb5 32.Re4 Kc6 33.Ra4 Kb5 1/2-1/2

[Event "POL-chT3"]
[Site "Jastrzebia Gora POL"]
[Date "2015.??.??"]
[Round "8.32"]
[White "Reza, Wojciech"]
[Black "Piotrowski, Przemyslaw"]
[Result "1/2-1/2"]
[WhiteElo "2272"]
[BlackElo "2193"]
[EventDate "2015.??.??"]
[WhiteTitle "k+"]
[BlackTitle "k"]

1.d4 d6 2.Nf3 g6 3.e4 Nf6 4.Nc3 Bg7 5.Be2 O-O 6.Be3 c6 7.a4 Nbd7 8.O-O e5 
9.dxe5 dxe5 10.Nd2 Qe7 11.a5 Rd8 12.Na4 Nf8 13.f3 Ne6 14.Re1 Nh5 15.Bf1 f5
16.Qc1 Bf6 17.Bc4 Kh8 18.Bxe6 Bxe6 19.Nc5 Bg8 20.Nd3 Bh4 21.Re2 f4 22.Bc5 
Qg7 23.Ra4 g5 24.Qf1 Re8 25.Rb4 Rad8 26.Bxa7 Rd6 27.Bf2 Rh6 28.Qe1 Be6 29.
Nf1 Bxf2+ 30.Nxf2 g4 31.fxg4 Bxg4 32.Nxg4 Qxg4 33.Rb3 Rg8 34.Qf2 Rhg6 35.
Qf3 Qh4 36.Qh3 Qxh3 37.Rxh3 f3 38.Rxf3 Nf4 39.Rxf4 exf4 40.Nd2 Ra8 41.b4 
c5 42.c3 cxb4 43.cxb4 b6 1/2-1/2

[Event "POL-chT3"]
[Site "Jastrzebia Gora POL"]
[Date "2015.??.??"]
[Round "8.33"]
[White "Perdek, Miroslaw"]
[Black "Puczylowski, Marcin"]
[Result "1/2-1/2"]
[WhiteElo "2225"]
[BlackElo "2119"]
[EventDate "2015.??.??"]
[WhiteTitle "FM"]
[BlackTitle "k"]

1.d4 d5 2.c4 e6 3.Nc3 Nf6 4.Nf3 c6 5.Bg5 dxc4 6.e4 b5 7.e5 h6 8.Bh4 g5 9.
Nxg5 hxg5 10.Bxg5 Be7 11.exf6 Bxf6 12.Bxf6 Qxf6 13.g3 Bb7 14.Bg2 Na6 15.
Nxb5 O-O-O 16.Qa4 cxb5 17.Bxb7+ Kxb7 18.Qxb5+ Ka8 19.Qc6+ Kb8 20.Qb5+ Ka8 
21.Qc6+ Kb8 22.Qb5+ Ka8 1/2-1/2

[Event "POL-chT3"]
[Site "Jastrzebia Gora POL"]
[Date "2015.??.??"]
[Round "8.34"]
[White "Zurkowski, Andrzej"]
[Black "Nowak, Kamil"]
[Result "1/2-1/2"]
[WhiteElo "2086"]
[BlackElo "2133"]
[EventDate "2015.??.??"]
[WhiteTitle "k+"]
[BlackTitle "I+"]

1.d4 Nf6 2.Nf3 e6 3.g3 d5 4.Bg2 Be7 5.O-O O-O 6.c4 b6 7.Nc3 Bb7 8.Ne5 Nbd7
9.Qa4 c6 10.f4 a6 11.Qd1 c5 12.e3 b5 13.Qe2 b4 14.Nd1 Qc7 15.cxd5 Bxd5 16.
Bxd5 Nxd5 17.Nxd7 Qxd7 18.dxc5 Bxc5 19.Nf2 Qa7 20.e4 Nf6 21.e5 Nd5 22.Kg2 
Rfd8 23.Ne4 Rac8 24.Kh3 a5 25.Rd1 Qb6 26.Bd2 Bd4 27.Be1 Ne3 28.Rdc1 Rxc1 
29.Rxc1 Qb7 30.Qf3 Qd5 31.Bf2 Nf5 32.Rd1 h5 33.Rd2 Qc4 34.Kg2 Rd5 35.b3 
Qc1 36.Bxd4 Rxd4 37.Rxd4 Nxd4 38.Qf2 Qd1 39.Nd6 Nc2 40.h3 Ne1+ 41.Kh2 Nf3+
42.Kg2 Ne1+ 1/2-1/2

[Event "POL-chT3"]
[Site "Jastrzebia Gora POL"]
[Date "2015.??.??"]
[Round "8.35"]
[White "Kolasinski, Krzysztof"]
[Black "Kanarkiewicz, Michal"]
[Result "1/2-1/2"]
[WhiteElo "2087"]
[BlackElo "2077"]
[EventDate "2015.??.??"]
[WhiteTitle "I++"]
[BlackTitle "k"]

1.c4 c5 2.Nf3 Nc6 3.g3 g6 4.Bg2 Bg7 5.O-O d6 6.Nc3 e5 7.d3 Nge7 8.e4 O-O 
9.Ne1 Nd4 10.Nc2 Nxc2 11.Qxc2 Nc6 12.Be3 Be6 13.a3 Nd4 14.Bxd4 exd4 15.Nd5
Bxd5 16.exd5 Re8 17.Rfe1 Qd7 18.h4 h5 19.b4 b6 20.b5 Rxe1+ 21.Rxe1 Re8 22.
Rxe8+ Qxe8 23.Kf1 Bh6 24.a4 Kf8 25.Qa2 Qd8 26.Qe2 Qe7 27.Qxe7+ Kxe7 28.Ke2
f5 29.Kd1 Kf6 30.f4 Bf8 31.Kc2 Be7 32.Kd1 Bd8 33.Ke2 Kf7 34.Bf3 Bf6 35.Kf1
Ke7 36.Kg2 Kf7 37.Bd1 Kg7 38.Kf2 Kh6 39.Kg2 Kg7 40.Kf2 Bd8 1/2-1/2

[Event "POL-chT3"]
[Site "Jastrzebia Gora POL"]
[Date "2015.??.??"]
[Round "8.36"]
[White "Kasperek, Joanna"]
[Black "Iwanow, Anna"]
[Result "1/2-1/2"]
[WhiteElo "2051"]
[BlackElo "2312"]
[EventDate "2015.??.??"]
[WhiteTitle "k++"]
[BlackTitle "WIM"]

1.e4 c5 2.Nf3 e6 3.d4 cxd4 4.Nxd4 Nf6 5.Bd3 Nc6 6.Nxc6 bxc6 7.c4 e5 8.O-O 
Bc5 9.Qe2 O-O 10.Be3 Qe7 11.Nd2 a5 12.Nb3 Bxe3 13.Qxe3 a4 14.Nd2 d6 15.Be2
Re8 16.Rfd1 d5 17.cxd5 cxd5 18.exd5 Nxd5 19.Qe4 Bb7 20.Bf3 g6 21.Nf1 Ra5 
22.Ne3 Nxe3 23.Qxe3 Rb5 24.Rab1 Rb8 25.Bxb7 Qxb7 26.b3 h5 27.Ra1 axb3 28.
axb3 Rxb3 29.Qxe5 Qb6 30.h3 Rb2 31.Qd4 Qxd4 32.Rxd4 Rb1+ 33.Rxb1 Rxb1+ 34.
Kh2 Rb3 35.g3 Kg7 36.Rd6 Ra3 37.Kg2 Rb3 38.Rc6 Ra3 39.Rb6 Rc3 40.Ra6 Rd3 
41.Rb6 1/2-1/2

[Event "POL-chT3"]
[Site "Jastrzebia Gora POL"]
[Date "2015.??.??"]
[Round "8.37"]
[White "Tomaszewski, Kacper"]
[Black "Oszczanowski, Witold"]
[Result "1-0"]
[WhiteElo "2278"]
[BlackElo "2086"]
[EventDate "2015.??.??"]
[WhiteTitle "k"]
[BlackTitle "k"]

1.d4 Nf6 2.c4 e6 3.Nc3 Bb4 4.f3 d5 5.a3 Bxc3+ 6.bxc3 c5 7.cxd5 exd5 8.e3 
Nc6 9.Bd3 O-O 10.Ne2 Re8 11.O-O b6 12.Ng3 Bb7 13.Ra2 Rc8 14.Re2 h6 15.Kh1 
Na5 16.Ree1 Rc7 17.Nf5 cxd4 18.cxd4 Nc4 19.Qe2 Nd6 20.g4 Nxf5 21.gxf5 Nh5 
22.Qf2 Kh8 23.Bd2 a5 24.Rg1 Qd6 25.Qh4 Nf6 26.e4 Nxe4 27.Bf4 Qxa3 28.Bxh6 
Nf2+ 29.Qxf2 Rxe1 30.Bxg7+ Kg8 31.Qxe1 Qxd3 32.Qe8+ Kh7 33.Qh8# 1-0

[Event "POL-chT3"]
[Site "Jastrzebia Gora POL"]
[Date "2015.??.??"]
[Round "8.38"]
[White "Cajbel, Maciej"]
[Black "Matuszczyk, Przemyslaw"]
[Result "1-0"]
[WhiteElo "2189"]
[BlackElo "2086"]
[EventDate "2015.??.??"]
[WhiteTitle "k"]
[BlackTitle "I++"]

1.e4 c6 2.Nc3 d5 3.Nf3 Bg4 4.h3 Bxf3 5.Qxf3 e6 6.d3 g6 7.Be2 Bg7 8.Qg3 Ne7
9.O-O Nd7 10.a4 O-O 11.f4 f5 12.Bf3 dxe4 13.dxe4 e5 14.Kh1 Qc7 15.Be3 Rae8
16.Rad1 Bh6 17.Qf2 exf4 18.Bxa7 b6 19.Qd4 Rd8 20.Qc4+ Kg7 21.Nb5 Qe5 22.
Nd4 Rf6 23.Rfe1 Qc5 24.Qxc5 bxc5 25.e5 cxd4 26.exf6+ Kxf6 27.Bxd4+ Kf7 28.
Bb6 Nxb6 29.Rxd8 Nxa4 30.Rd7 Bf8 31.Bxc6 1-0

[Event "POL-chT3"]
[Site "Jastrzebia Gora POL"]
[Date "2015.??.??"]
[Round "8.39"]
[White "Smolka, Marcin"]
[Black "Zareba, Radoslaw"]
[Result "1-0"]
[WhiteElo "2070"]
[BlackElo "2071"]
[EventDate "2015.??.??"]
[WhiteTitle "k"]
[BlackTitle "I"]

1.e4 d6 2.d4 g6 3.Nc3 Bg7 4.Nf3 Nf6 5.Be2 O-O 6.O-O c6 7.a4 Bg4 8.Be3 Nbd7
9.h3 Bxf3 10.Bxf3 Qc7 11.Qd2 b6 12.Rad1 a6 13.b4 Rac8 14.Be2 b5 15.f4 a5 
16.Rb1 bxa4 17.e5 axb4 18.Rxb4 Nd5 19.Rxa4 Nxc3 20.Qxc3 c5 21.dxc5 dxe5 
22.fxe5 Nb6 23.Ra6 Nd5 24.Qd4 Rfd8 25.Bf2 Bxe5 26.Qc4 Bg3 27.c6 Bxf2+ 28.
Rxf2 e6 29.Qc5 Qd6 30.Qa5 Qc7 31.Qa1 Rb8 32.Bf1 Rf8 33.c4 Nb4 34.Ra7 Qxc6 
35.Qe5 Rbc8 36.h4 Qc5 37.Qa1 Nc6 38.Ra3 Ne5 39.Ra5 Qe7 40.Qxe5 Qxh4 41.Ra7
Rc6 42.g3 Qg4 43.Be2 Qh3 44.Ra5 Qh6 45.Kg2 Qg7 46.Qxg7+ Kxg7 47.Ra7 Rc5 
48.Bf1 h5 49.Rd2 Rb8 50.Rf2 Rf8 51.Kf3 Rf5+ 52.Ke3 Rg5 53.Rf3 Re5+ 54.Kd4 
Re1 55.Re7 Rd1+ 56.Bd3 g5 57.Rd7 g4 58.Re3 Kf6 59.c5 Rc8 60.Re2 e5+ 61.Kc4
Rc1+ 62.Bc2 Ke6 63.Rd6+ Ke7 64.Rxe5+ Kf8 65.Rd2 Rg1 66.Rxh5 Rc7 67.Rd3 Rc1
68.Rc3 Ra1 69.Rg5 Ra5 70.Kb4 Ra8 71.Rxg4 Rb8+ 72.Kc4 Rbc8 73.Rg5 f6 74.Rd5
Ke7 75.Re3+ Kf7 76.Rf3 Rc6 77.Rd7+ 1-0

[Event "POL-chT3"]
[Site "Jastrzebia Gora POL"]
[Date "2015.??.??"]
[Round "8.40"]
[White "Czachor, Radoslaw"]
[Black "Wolynski, Krzysztof"]
[Result "1-0"]
[WhiteElo "1994"]
[BlackElo "2061"]
[EventDate "2015.??.??"]
[WhiteTitle "I++"]
[BlackTitle "I+"]

1.e4 e6 2.d4 d5 3.Nd2 Nf6 4.e5 Nfd7 5.Bd3 c5 6.c3 Nc6 7.Ne2 cxd4 8.cxd4 f6
9.exf6 Nxf6 10.Nf3 Bd6 11.O-O Qc7 12.Nc3 a6 13.Re1 O-O 14.Bg5 Nh5 15.Ne5 
Nf4 16.Bxf4 Rxf4 17.g3 Rf8 18.Rc1 Nxe5 19.dxe5 Bc5 20.Rc2 Qe7 21.Qc1 Bd4 
22.Kg2 Bd7 23.Ree2 Qf7 24.f4 g5 25.f5 Qh5 26.f6 Bc6 27.Nd1 Rac8 28.Nf2 Rc7
29.Nh3 h6 30.Ng1 Rcf7 31.Nf3 Ba7 32.h3 Rxf6 33.exf6 Rxf6 34.g4 Qf7 35.Ne5 
d4+ 36.Rxc6 1-0

[Event "POL-chT3"]
[Site "Jastrzebia Gora POL"]
[Date "2015.??.??"]
[Round "8.41"]
[White "Cieslak, Patrycjusz"]
[Black "Mondrzycki, Bartlomiej"]
[Result "1-0"]
[WhiteElo "1836"]
[BlackElo "2082"]
[EventDate "2015.??.??"]
[WhiteTitle "I"]
[BlackTitle "I+"]

1.e4 d6 2.d4 Nf6 3.Nc3 c6 4.f4 Qa5 5.Bd3 e5 6.dxe5 dxe5 7.f5 b5 8.Qe2 Ba6 
9.Bd2 b4 10.Nd1 Bxd3 11.cxd3 Bc5 12.Nf3 Nfd7 13.a4 Na6 14.b3 Bd4 15.Nxd4 
exd4 16.Nb2 Qd8 17.Nc4 Nb6 18.Ne5 Nd7 19.Nxc6 Qb6 20.Rc1 Rc8 21.a5 Qb5 22.
Nxd4 Rxc1+ 23.Bxc1 Qxa5 24.O-O O-O 25.Bb2 Nac5 26.f6 g6 27.Qe3 Qb6 28.Qh6 
Nxf6 29.Rxf6 Qxf6 30.Nf5 Qxb2 31.Ne7+ Kh8 32.Qxf8# 1-0

[Event "POL-chT3"]
[Site "Jastrzebia Gora POL"]
[Date "2015.??.??"]
[Round "8.42"]
[White "Zdziarska-zareba, Lidia"]
[Black "Dziodzio, Angelika"]
[Result "1-0"]
[WhiteElo "1913"]
[BlackElo "2095"]
[EventDate "2015.??.??"]
[WhiteTitle "k+"]
[BlackTitle "k"]

1.b3 e5 2.e3 d5 3.Bb2 Bd6 4.Bb5+ c6 5.Be2 Nf6 6.c4 O-O 7.Nf3 e4 8.Nd4 a6 
9.cxd5 Nxd5 10.Nc3 Nxc3 11.Bxc3 c5 12.Nc2 Qe7 13.O-O b5 14.d4 Bb7 15.dxc5 
Bxc5 16.b4 Bd6 17.a3 Bxh2+ 18.Kxh2 Qc7+ 19.g3 Qxc3 20.Nd4 Qc7 21.Rc1 Qd8 
22.Bg4 g6 23.Qc2 Bd5 24.Rfd1 Qg5 25.Bh3 Qh5 26.Ne2 Bc4 27.Nf4 Qe5 28.Bg2 
f5 29.Bf1 Bxf1 30.Rxf1 Nd7 31.Qb3+ Kh8 32.Rfd1 Nf6 33.Rc5 Qe7 34.Qc3 Rad8 
35.Rxd8 Qxd8 36.Ne6 Qd1 37.Qxf6+ 1-0

[Event "POL-chT3"]
[Site "Jastrzebia Gora POL"]
[Date "2015.??.??"]
[Round "8.43"]
[White "Rozycki, Bartlomiej"]
[Black "Szymanski, Piotr"]
[Result "1/2-1/2"]
[WhiteElo "2167"]
[BlackElo "2249"]
[EventDate "2015.??.??"]
[WhiteTitle "k++"]
[BlackTitle "k+"]

1.d4 Nf6 2.c4 d6 3.Nc3 Nbd7 4.g3 e5 5.Nf3 Be7 6.Bg2 O-O 7.O-O c6 8.b4 e4 
9.Nd2 d5 10.Qb3 dxc4 11.Nxc4 Nb6 12.Nxb6 Qxb6 13.Be3 Qxb4 14.Rfb1 Qxb3 15.
Rxb3 Nd5 16.Nxe4 Nxe3 17.Rxe3 Rd8 18.Rb1 Kf8 19.Nc5 Bxc5 20.dxc5 Re8 21.
Rxe8+ Kxe8 22.Rd1 Be6 23.Rb1 Bc8 24.Rd1 Be6 25.Rb1 Bc8 1/2-1/2

[Event "POL-chT3"]
[Site "Jastrzebia Gora POL"]
[Date "2015.??.??"]
[Round "8.44"]
[White "Krzywda, Andrzej"]
[Black "Winiarski, Mikolaj"]
[Result "1-0"]
[WhiteElo "2113"]
[BlackElo "2130"]
[EventDate "2015.??.??"]
[WhiteTitle "k"]
[BlackTitle "k"]

1.d4 Nf6 2.c4 g6 3.Nc3 Bg7 4.e4 d6 5.Nf3 O-O 6.Be2 Nbd7 7.O-O e5 8.Re1 c6 
9.Bf1 Qc7 10.Rb1 a5 11.a3 Re8 12.d5 Nf8 13.b4 axb4 14.axb4 Bd7 15.Qb3 h6 
16.Bd2 Rec8 17.Rec1 Be8 18.dxc6 bxc6 19.h3 Ne6 20.Be3 Nd7 21.Qd1 f5 22.c5 
dxc5 23.Bc4 Bf7 24.Qb3 Ndf8 25.Bxc5 Nxc5 26.bxc5 Bxc4 27.Qxc4+ Qf7 28.
Qxf7+ Kxf7 29.Rb7+ Kg8 30.exf5 gxf5 31.Nh4 Ne6 32.Nxf5 Bf8 33.Ne4 Rc7 34.
Rcb1 Ra7 35.Rb8 Kf7 36.Ned6+ Kg6 37.Re8 Kf6 38.Rbb8 Bxd6 39.cxd6 Rd7 40.g4
h5 41.Re7 Ra1+ 42.Kh2 Rxd6 43.Rbe8 1-0